| 000 | 00000nam 2200000za 4500 |
| 001 | 9.643059 |
| 003 | CaOODSP |
| 005 | 20221107134346 |
| 007 | cr ||||||||||| |
| 008 | 150407r19851988xxca||||o f000 0 fre d |
| 040 | |aCaOODSP|bfre |
| 043 | |an-cn--- |
| 086 | 1 |aA43-1789/1988F-PDF |
| 245 | 00|aGare aux maladies exotiques |h[ressource électronique]. |
| 260 | |bAgriculture Canada. |c1985, réimpression 1988. |
| 300 | |a[4] p. : |bill. |
| 500 | |aPublication historique numérisée par Agriculture et Agroalimentaire Canada. |
| 590 | |a14-11-Supp|b2014-05-21 |
| 691 | 07|aMaladie animale|2gcpds |
| 691 | 07|aSécurité alimentaire|2gcpds |
| 710 | 1 |aCanada.|bAgriculture Canada. |bDirection générale des communications. |
| 775 | 08|tOutbreak alert |w(CaOODSP)9.699076 |
| 856 | 40|ahttp://publications.gc.ca|qPDF|s613 KB|uhttps://publications.gc.ca/collections/collection_2014/aac-aafc/agrhist/A43-1789-1988-fra.pdf |
| 986 | |aPublication 1789/B |